| 000 | 00507nam a2200193Ia 4500 | ||
|---|---|---|---|
| 008 | 151119s9999||||xx |||||||||||||| ||und|| | ||
| 082 | _a891.463 | ||
| 082 | _bGKKV174 | ||
| 100 | _aगोगटे शकुंतला | ||
| 245 | _aअद्वैत | ||
| 260 | _a-- | ||
| 260 | _b-- | ||
| 260 | _c1982 | ||
| 600 | _aगोगटे शकुंतला | ||
| 630 | _aअद्वैत | ||
| 700 | _aगोगटे शकुंतला | ||
| 730 | _aअद्वैत | ||
| 942 | _cBOOK | ||
| 999 |
_c1057050 _d1057047 |
||